<?xml version="1.0" encoding="UTF-8"?>
<marc:record xmlns:marc="http://www.loc.gov/MARC21/slim">
   <marc:leader>00000nam a2200000 a 4500</marc:leader>
   <marc:datafield ind1="1" ind2=" " tag="100">
      <marc:subfield code="a">Lama, David</marc:subfield>
      <marc:subfield code="4">aut</marc:subfield>
      <marc:subfield code="e">Verfasser/-in</marc:subfield>
   </marc:datafield>
   <marc:datafield ind1="1" ind2=" " tag="100">
      <marc:subfield code="a">Klingler, Florian</marc:subfield>
   </marc:datafield>
   <marc:datafield ind1="1" ind2=" " tag="100">
      <marc:subfield code="a">Seiler, Christian</marc:subfield>
   </marc:datafield>
   <marc:datafield ind1=" " ind2=" " tag="653">
      <marc:subfield code="a">Erlebnisbericht</marc:subfield>
   </marc:datafield>
   <marc:datafield ind1=" " ind2=" " tag="653">
      <marc:subfield code="a">Freiklettern</marc:subfield>
   </marc:datafield>
   <marc:datafield ind1="0" ind2="0" tag="245">
      <marc:subfield code="a">David Lama</marc:subfield>
   </marc:datafield>
   <marc:datafield ind1="0" ind2="0" tag="245">
      <marc:subfield code="b">Sein Leben für die Berge, von ihm selbst erzählt : die Bücher High und Free sowie ausgewählte Texte</marc:subfield>
   </marc:datafield>
   <marc:datafield ind1="0" ind2="0" tag="245">
      <marc:subfield code="c">Lama, David</marc:subfield>
   </marc:datafield>
   <marc:datafield ind1=" " ind2="1" tag="264">
      <marc:subfield code="a">München</marc:subfield>
      <marc:subfield code="b">Penguin Verlag</marc:subfield>
      <marc:subfield code="c">2020</marc:subfield>
   </marc:datafield>
   <marc:datafield ind1=" " ind2=" " tag="250">
      <marc:subfield code="a">1. Auflage</marc:subfield>
   </marc:datafield>
   <marc:datafield ind1="1" ind2=" " tag="520">
      <marc:subfield code="a">Sein Leben für die Berge - : Von ihm selbst erzählt - Die Bücher HIGH und FREE sowie ausgewählte Texte - Mit vielen Fotografien und einem Nachwort von Reinhold Scherer / von David Lama &#xD;
 &#xD;
 »In His Own Words« - Der große DAVID-LAMA-Reader&#xD;
Das Unmögliche versuchen, den eigenen Traum leben&#xD;
 &#xD;
Die höchsten Gipfel. Felswände, die noch keiner durchstiegen hat. Es sind nicht nur seine Erfolge und Erstbegehungen, die David Lama unvergesslich machen. Durch seine Haltung und seine Persönlichkeit hat er den Alpinismus der vergangenen zwei Jahrzehnte geprägt wie kaum ein anderer: Selbstbestimmtheit, Risiko und Verantwortung, neue und unentdeckte Wege. Dieser große Reader versammelt die besten Texte David Lamas, seine Bücher HIGH (die Wettkampferfolge und alpinistischen Anfänge bis 2010) und FREE (über die erste freie Begehung der Kompressor-Route am Cerro Torre) und viele Fotos der letzten Jahre bis zur Erstbesteigung des Lunag Ri 2019. Eine Autobiografie des Ausnahmebergsteigers kann es nicht geben, dieses Buch kommt ihr am nächsten: lebendig, mitreißend, schlau und voller Humor erzählt es vom intensiven Leben in den Bergen. Von David Lamas Leben. In seinen eigenen Worten.</marc:subfield>
   </marc:datafield>
   <marc:datafield ind1=" " ind2=" " tag="020">
      <marc:subfield code="a">9783328601500</marc:subfield>
      <marc:subfield code="9">9783328601500</marc:subfield>
   </marc:datafield>
   <marc:datafield ind1=" " ind2=" " tag="020">
      <marc:subfield code="a">3328601503</marc:subfield>
      <marc:subfield code="9">3328601503</marc:subfield>
   </marc:datafield>
   <marc:datafield ind1=" " ind2=" " tag="041">
      <marc:subfield code="a">ger</marc:subfield>
   </marc:datafield>
   <marc:datafield ind1=" " ind2=" " tag="300">
      <marc:subfield code="b">Illustrationen</marc:subfield>
   </marc:datafield>
   <marc:datafield ind1=" " ind2=" " tag="338">
      <marc:subfield code="a">Band</marc:subfield>
   </marc:datafield>
   <marc:datafield ind1=" " ind2=" " tag="300">
      <marc:subfield code="a">476 Seiten</marc:subfield>
   </marc:datafield>
</marc:record>
